Social and cultural anthropology: the key concepts (Record no. 395371)

000 -LEADER
fixed length control field 00454cam a22001577a 4500
008 - FIXED-LENGTH DATA ELEMENTS--GENERAL INFORMATION
fixed length control field 180718b2000 xxu||||| |||| 00| 0 eng d
020 ## - INTERNATIONAL STANDARD BOOK NUMBER
International Standard Book Number 0415181569
082 ## - DEWEY DECIMAL CLASSIFICATION NUMBER
Classification number BA27 R182
100 ## - MAIN ENTRY--PERSONAL NAME
Personal name Rapport, Nigel
245 ## - TITLE STATEMENT
Title Social and cultural anthropology: the key concepts
Statement of responsibility, etc. by Nigel Rapport and Joanna Overing
260 ## - PUBLICATION, DISTRIBUTION, ETC.
Place of publication, distribution, etc. London
Name of publisher, distributor, etc. Routledge
Date of publication, distribution, etc. 2000
300 ## - PHYSICAL DESCRIPTION
Extent 46p.
440 ## - SERIES STATEMENT/ADDED ENTRY--TITLE
Title Routledge key guides
650 ## - SUBJECT ADDED ENTRY--TOPICAL TERM
Topical term or geographic name entry element Ethnology.
700 ## - ADDED ENTRY--PERSONAL NAME
Personal name Overing, Joanna
Holdings
Withdrawn status Lost status Damaged status Not for loan Permanent Location Current Location Date acquired Full call number Barcode Date last seen Price effective from Koha item type
        Indian Institute of Public Administration Indian Institute of Public Administration 2001-02-01 BA27 R182 76278 2018-07-21 2018-07-21 Book

Powered by Koha